[Event "25.Schlosspark-Open"]
[Site "Wiesbaden-Biebrich"]
[Date "2013.08.24"]
[Round "4.78"]
[White "Bangert, Udo"]
[Black "Happel, Jürgen"]
[Result "1-0"]
[WhiteElo "1895"]
[BlackElo "1552"]
[PlyCount "117"]
[EventDate "2013.??.??"]
[WhiteTeam "SG Stern Stuttgart"]
[BlackTeam "SV 1920 Hofheim"]

1. e4 e5 2. Nf3 Nc6 3. Bc4 d6 4. O-O h6 5. d4 exd4 6. Nxd4 Bd7 7. Nc3 Nf6 8.
Re1 Be7 9. Bf4 a6 10. a3 O-O 11. h3 Re8 12. Qd3 Ne5 13. Bxe5 dxe5 14. Nf3 Bc5
15. Rad1 Bd6 16. b4 b5 17. Bb3 Qc8 18. Nd5 Nxd5 19. Bxd5 Rb8 20. c4 bxc4 21.
Qxc4 Be6 22. Rc1 Bxd5 23. Qxd5 Qb7 24. Red1 Qxd5 25. Rxd5 Rb5 26. Rc6 Rxd5 27.
exd5 Ra8 28. Nd2 a5 29. Nc4 axb4 30. axb4 Bxb4 31. Rxc7 Rd8 32. Ne3 f6 33. Nf5
Bf8 34. Ne3 Kh7 35. g3 Kg6 36. Kg2 h5 37. Kf3 Bb4 38. g4 hxg4+ 39. hxg4 Bf8 40.
Ke4 Kg5 41. f3 Kg6 42. Rc6 Kg5 43. Nc4 g6 44. d6 Bg7 45. Kd5 f5 46. Nxe5 fxg4
47. Nf7+ Kf4 48. Nxd8 Kxf3 49. Ne6 Bf6 50. d7 Bh4 51. Nd4+ Kf2 52. Rxg6 g3 53.
Ke4 g2 54. Nf3 Bd8 55. Rg8 Be7 56. d8=Q Bxd8 57. Rxd8 g1=Q 58. Nxg1 Kxg1 59.
Kf3 1-0

[Event "25.Schlosspark-Open"]
[Site "Wiesbaden-Biebrich"]
[Date "2013.08.24"]
[Round "4.80"]
[White "Liez, Franziska"]
[Black "Braum, Hermann Josef"]
[Result "1-0"]
[WhiteElo "1841"]
[BlackElo "1550"]
[PlyCount "49"]
[EventDate "2013.??.??"]
[WhiteTeam "Biebertaler SF"]
[BlackTeam "Vorw.Orient Mainz"]

1. e4 c6 2. d4 d5 3. exd5 cxd5 4. Bd3 Nc6 5. c3 e5 6. dxe5 Nxe5 7. Bb5+ Nc6 8.
Be3 Nf6 9. h3 Qa5 10. Qe2 Be7 11. Nf3 O-O 12. O-O a6 13. Bd3 Re8 14. Qc2 Bd6
15. Nbd2 Ne5 16. Nxe5 Bxe5 17. Nf3 Qc7 18. Nxe5 Rxe5 19. Bf4 g6 20. Bxe5 Qxe5
21. Rfe1 Qg5 22. Re3 Ne4 23. Bxe4 dxe4 24. Qxe4 Bf5 25. Qxb7 1-0

[Event "25.Schlosspark-Open"]
[Site "Wiesbaden-Biebrich"]
[Date "2013.08.24"]
[Round "4.81"]
[White "Günther, Rainer"]
[Black "Lehmann, Wolfgang"]
[Result "0-1"]
[WhiteElo "1707"]
[BlackElo "1482"]
[PlyCount "43"]
[EventDate "2013.??.??"]
[WhiteTeam "SV Mainz-Mombach"]
[BlackTeam "Wiesbadener SV 1885"]

1. e4 c6 2. d4 d5 3. e5 Bf5 4. Nf3 e6 5. Be2 c5 6. c3 cxd4 7. cxd4 Nc6 8. O-O
f6 9. Bf4 fxe5 10. Nxe5 Bd6 11. Bb5 Bxe5 12. Bxe5 Nf6 13. Qa4 Qd7 14. Rc1 O-O
15. Nd2 Rac8 16. Rc3 a6 17. Bxc6 Rxc6 18. Rac1 Rfc8 19. Rxc6 Rxc6 20. Rc3 Rxc3
21. Qxd7 Rc1+ 22. Nf1 0-1

[Event "25.Schlosspark-Open"]
[Site "Wiesbaden-Biebrich"]
[Date "2013.08.24"]
[Round "4.82"]
[White "Diener, Carolin Valeria"]
[Black "Troeger, Beate"]
[Result "1-0"]
[WhiteElo "1700"]
[BlackElo "1339"]
[PlyCount "87"]
[EventDate "2013.??.??"]
[WhiteTeam "Sfr.1891 Friedberg"]
[BlackTeam "Vorw.Orient Mainz"]

1. e4 c5 2. Nc3 d6 3. f4 Nd7 4. Bb5 a6 5. Bxd7+ Bxd7 6. d3 Nf6 7. Nf3 Bg4 8.
O-O h6 9. h3 Bd7 10. Qe1 e6 11. Kh1 Be7 12. Qf2 b5 13. b3 O-O 14. g4 Nh7 15.
Rg1 Bc6 16. g5 h5 17. g6 Nf6 18. gxf7+ Kh8 19. Qg3 Rxf7 20. Ng5 Qg8 21. Nxf7+
Qxf7 22. Kh2 b4 23. Ne2 d5 24. e5 Ne8 25. Bd2 Rd8 26. Qf2 d4 27. Ng3 Bh4 28.
Qe2 g6 29. Ne4 Bxe4 30. Qxe4 Qf5 31. Qxf5 gxf5 32. a3 a5 33. axb4 axb4 34. Ra5
Rc8 35. Rg6 Ng7 36. Ra7 Ne8 37. Rxe6 Bf2 38. Rh6+ Kg8 39. Rxh5 Rc7 40. Rxc7
Nxc7 41. Kg2 Be3 42. Bxe3 dxe3 43. Kf3 Nd5 44. Rxf5 1-0

[Event "25.Schlosspark-Open"]
[Site "Wiesbaden-Biebrich"]
[Date "2013.08.24"]
[Round "4.83"]
[White "Gelfenbaum, Daniel"]
[Black "Binfet, Daniel"]
[Result "0-1"]
[WhiteElo "1332"]
[BlackElo "1670"]
[PlyCount "66"]
[EventDate "2013.??.??"]
[WhiteTeam "SAbt TuS Makkabi Ffm"]
[BlackTeam "TuS Makkabi Wiesbaden"]

1. e4 c5 2. Nf3 d6 3. d4 cxd4 4. Nxd4 Nf6 5. Nc3 a6 6. Bg5 e6 7. Qd2 Be7 8. Be2
O-O 9. O-O b5 10. a3 Bb7 11. Bf3 Nfd7 12. Bxe7 Qxe7 13. Be2 Nf6 14. Bd3 Nbd7
15. b4 Ne5 16. f4 Nxd3 17. cxd3 Qc7 18. Rac1 Qb6 19. Nce2 e5 20. fxe5 dxe5 21.
Qg5 exd4 22. Rf3 Nxe4 23. Qf4 Nc3 24. Rf2 Nxe2+ 25. Rxe2 Rac8 26. Rf1 Rc3 27.
Re7 Bd5 28. Qf5 Be6 29. Qe5 Rxd3 30. Rf3 Rxf3 31. gxf3 d3+ 32. Kf1 d2 33. Ke2
d1=Q+ 0-1

[Event "25.Schlosspark-Open"]
[Site "Wiesbaden-Biebrich"]
[Date "2013.08.24"]
[Round "4.84"]
[White "Triantafillidis, Dimitrios"]
[Black "Viol, Julius"]
[Result "1-0"]
[WhiteElo "1660"]
[BlackElo "1201"]
[PlyCount "97"]
[EventDate "2013.??.??"]
[WhiteTeam "SF HN-Biberach 1978 e.V."]
[BlackTeam "FC 1934 Wiesbaden-Bierstadt"]

1. e4 Nf6 2. Nc3 d5 3. exd5 Nxd5 4. Bc4 Nxc3 5. Qf3 e6 6. dxc3 Qf6 7. Be3 Qxf3
8. Nxf3 Nc6 9. O-O-O Bd6 10. Rd2 O-O 11. h4 h6 12. h5 e5 13. Nh4 Kh8 14. f3 Bd7
15. g4 Rae8 16. Bd3 Be7 17. Nf5 Bxf5 18. Bxf5 Rd8 19. Bd3 Rd7 20. Rhd1 Rfd8 21.
Be4 Rxd2 22. Rxd2 Rxd2 23. Kxd2 Bg5 24. Bxg5 hxg5 25. Bxc6 bxc6 26. Kd3 Kh7 27.
Ke4 f6 28. b4 g6 29. hxg6+ Kxg6 30. c4 Kf7 31. c5 Ke6 32. c4 a6 33. a4 Kf7 34.
Kf5 Ke7 35. b5 axb5 36. cxb5 cxb5 37. axb5 Kd7 38. Kxf6 c6 39. b6 Kc8 40. Kxg5
Kb7 41. Kf5 Kc8 42. g5 Kb7 43. g6 e4 44. fxe4 Kc8 45. g7 Kb7 46. g8=Q Ka6 47.
Qa2+ Kb7 48. Qa7+ Kc8 49. Qc7# 1-0

[Event "25.Schlosspark-Open"]
[Site "Wiesbaden-Biebrich"]
[Date "2013.08.24"]
[Round "4.85"]
[White "Wöhl, Torsten"]
[Black "Mütsch, Annmarie"]
[Result "0-1"]
[WhiteElo "1647"]
[BlackElo "1277"]
[PlyCount "96"]
[EventDate "2013.??.??"]
[WhiteTeam "SC Groß-Zimmern"]
[BlackTeam "SF HN-Biberach 1978 e.V."]

1. e4 e5 2. Nf3 Nc6 3. d4 exd4 4. Nxd4 Nxd4 5. Qxd4 d6 6. Bc4 Nf6 7. Bg5 Be7 8.
Nc3 O-O 9. O-O c5 10. Qd2 a6 11. a4 h6 12. Bf4 Bg4 13. Rae1 Bh5 14. Nd5 Nxd5
15. Qxd5 Bg6 16. Re3 Rb8 17. Rg3 b5 18. Rxg6 Kh7 19. Rg3 bxc4 20. b3 cxb3 21.
cxb3 Qd7 22. Rd1 Rb6 23. e5 Qf5 24. exd6 Qxd5 25. Rxd5 Rd8 26. d7 Rb7 27. Rgd3
Kg6 28. g3 f6 29. Be3 Rc7 30. f4 Kf7 31. f5 Bf8 32. Kg2 g6 33. g4 gxf5 34. gxf5
Kg7 35. Kg3 Kh7 36. Rd1 Be7 37. Kh4 Bf8 38. Kh5 Rc6 39. Rg1 Rc7 40. Rg6 Rcxd7
41. Rxd7+ Rxd7 42. Rxf6 Bg7 43. Rxa6 Rd3 44. Bxh6 Rh3+ 45. Kg5 Bxh6+ 46. Kf6
Bg7+ 47. Kf7 Rxb3 48. Rg6 Rb7+ 0-1

[Event "25.Schlosspark-Open"]
[Site "Wiesbaden-Biebrich"]
[Date "2013.08.24"]
[Round "4.86"]
[White "Gießelbach, Christian"]
[Black "Meier, Alexander"]
[Result "1-0"]
[WhiteElo "1061"]
[BlackElo "1390"]
[PlyCount "73"]
[EventDate "2013.??.??"]
[WhiteTeam "SAbt TuS Dotzheim"]
[BlackTeam "FC 1934 Wiesbaden-Bierstadt"]

1. d4 d5 2. c4 e6 3. Nf3 Nd7 4. g3 Ngf6 5. Bg2 c6 6. O-O Be7 7. Nbd2 O-O 8. Qc2
Re8 9. e4 dxe4 10. Nxe4 Nxe4 11. Qxe4 Nf8 12. Qe2 Bf6 13. Rd1 Ng6 14. Ne5 Ne7
15. Bf4 Nf5 16. d5 exd5 17. cxd5 cxd5 18. Bxd5 Qe7 19. Bxf7+ Kh8 20. Bxe8 Qxe8
21. g4 Nh4 22. Rd2 g5 23. Rad1 gxf4 24. Rd8 Be6 25. Rxe8+ Rxe8 26. Rd6 Kg8 27.
Qb5 Re7 28. Nd3 Kf7 29. Qh5+ Kg7 30. g5 Bxg5 31. Qxg5+ Ng6 32. Nxf4 Bf7 33.
Nxg6 Re1+ 34. Kg2 Bxg6 35. Rd7+ Kf8 36. Qf6+ Ke8 37. Qd8# 1-0

[Event "25.Schlosspark-Open"]
[Site "Wiesbaden-Biebrich"]
[Date "2013.08.24"]
[Round "4.87"]
[White "Körbel, Ekkehard"]
[Black "Michel, Carsten"]
[Result "1-0"]
[WhiteElo "1387"]
[BlackElo "1147"]
[PlyCount "93"]
[EventDate "2013.??.??"]
[WhiteTeam "SK 1950 Geisenheim"]
[BlackTeam "SC Flörsheim 1921"]

1. e4 c5 2. Nc3 d6 3. g3 Nf6 4. Bg2 g6 5. f4 Nc6 6. Nf3 Bg7 7. d3 Bd7 8. Rb1 a6
9. Bd2 O-O 10. h3 b5 11. a3 Rc8 12. O-O Nd4 13. g4 Ne8 14. Ne2 Qb6 15. Kh1 Nc7
16. c3 Nxf3 17. Bxf3 Bc6 18. Qe1 d5 19. Ng3 dxe4 20. dxe4 Qb7 21. Kg2 c4 22.
Rd1 Ne6 23. Be3 Rfd8 24. Qf2 Rd3 25. f5 Nc7 26. Rxd3 cxd3 27. Bd4 Rd8 28. Rd1
e5 29. Bc5 Bf6 30. Qe3 Bg7 31. Be7 Rd7 32. f6 Ne6 33. Kh2 Nf4 34. h4 Bf8 35.
Bxf8 Kxf8 36. Qc5+ Ke8 37. Qxe5+ Ne6 38. g5 Qc7 39. Qxc7 Rxc7 40. Rxd3 Nf4 41.
Rd6 Bb7 42. Nf1 Rd7 43. Rb6 Nd3 44. Bg4 Rc7 45. Ne3 Nxb2 46. Nd5 Bxd5 47. Rb8+
1-0

[Event "25.Schlosspark-Open"]
[Site "Wiesbaden-Biebrich"]
[Date "2013.08.24"]
[Round "4.88"]
[White "Viol, Lucius"]
[Black "Schöneberger, Thomas"]
[Result "0-1"]
[WhiteElo "957"]
[BlackElo "1382"]
[PlyCount "138"]
[EventDate "2013.??.??"]
[WhiteTeam "FC 1934 Wiesbaden-Bierstadt"]
[BlackTeam "SC 1979 Hattersheim"]

1. Nf3 d6 2. d4 Bg4 3. e3 Nf6 4. Be2 Nc6 5. c4 Qd7 6. Nc3 g6 7. Qa4 d5 8. c5 a6
9. Bb5 Bg7 10. Ne5 axb5 11. Qxa8+ Qd8 12. Qxb7 Nxe5 13. dxe5 Nd7 14. Qxb5 Bxe5
15. Nxd5 O-O 16. a4 e6 17. f3 Qh4+ 18. Kf1 exd5 19. a5 Rb8 20. Qe2 Bf5 21. g3
Bxg3 22. hxg3 Qxh1+ 23. Kf2 Nxc5 24. Ra3 Qxc1 25. Rc3 Qxb2 26. Rxc5 Qxe2+ 27.
Kxe2 Rb7 28. Rxd5 Ra7 29. e4 Be6 30. Rc5 Kg7 31. Kd3 f5 32. e5 g5 33. a6 Kf7
34. Kc3 Ke7 35. Kb4 Kd8 36. Rc6 Kd7 37. Kb5 Bd5 38. Rc3 h5 39. Kc5 Ke6 40. f4
Rxa6 41. fxg5 Rc6+ 42. Kd4 Rxc3 43. Kxc3 Kxe5 44. Kd3 c6 45. g6 Kf6 46. Ke3
Kxg6 47. Kf4 Kf6 48. Ke3 Kg5 49. Kf2 Kg4 50. Ke3 Kxg3 51. Kd3 h4 52. Ke2 Kg2
53. Ke3 h3 54. Kf4 h2 55. Kxf5 h1=Q 56. Ke5 Qh5+ 57. Kd4 Kf3 58. Kc3 Be4 59.
Kd4 Qd5+ 60. Kc3 Ke3 61. Kb4 c5+ 62. Kb5 c4+ 63. Kb4 Qd3 64. Ka4 c3 65. Ka3 c2+
66. Kb2 Qd2 67. Kb3 c1=R 68. Ka4 Qb2 69. Ka5 Ra1# 0-1

[Event "25.Schlosspark-Open"]
[Site "Wiesbaden-Biebrich"]
[Date "2013.08.24"]
[Round "4.90"]
[White "Triantafillidis, Simeon"]
[Black "Jakesevic, Ivan"]
[Result "1-0"]
[WhiteElo "1371"]
[BlackElo "1007"]
[PlyCount "73"]
[EventDate "2013.??.??"]
[WhiteTeam "SF HN-Biberach 1978 e.V."]
[BlackTeam "FC 1934 Wiesbaden-Bierstadt"]

1. e4 a6 2. d4 d6 3. Nc3 e6 4. Nf3 Nd7 5. Bf4 g6 6. Bc4 b5 7. Bb3 Bb7 8. a3 Bg7
9. O-O Ne7 10. Qd2 O-O 11. Rfe1 Nb6 12. Bh6 Rb8 13. Bxg7 Kxg7 14. Qf4 Ng8 15.
Rad1 Nd7 16. Re3 Qf6 17. Qg3 Qe7 18. Nd2 Nb6 19. Qh3 Bc8 20. e5 d5 21. Rf3 Bb7
22. Rf4 c6 23. Rh4 h6 24. f4 a5 25. Rf1 Nd7 26. Rf3 a4 27. Ba2 Rbc8 28. Rg3 Ba6
29. f5 exf5 30. Nf3 Rb8 31. Ng5 Nb6 32. Ne2 Bc8 33. Nf4 Nc4 34. Nf3 Be6 35.
Nh5+ Kh8 36. Nf6 f4 37. Rxh6+ 1-0

[Event "25.Schlosspark-Open"]
[Site "Wiesbaden-Biebrich"]
[Date "2013.08.24"]
[Round "4.91"]
[White "Busch, Günther"]
[Black "Jahraus, Marlis"]
[Result "1-0"]
[WhiteElo "1297"]
[BlackElo "799"]
[PlyCount "109"]
[EventDate "2013.??.??"]
[WhiteTeam "FC 1934 Wiesbaden-Bierstadt"]
[BlackTeam "SC Untergrombach 46"]

1. Nf3 Nc6 2. c4 e5 3. e4 Nf6 4. d3 Bc5 5. h3 O-O 6. a3 Nd4 7. Nbd2 d6 8. Nxd4
Bxd4 9. Nf3 Bb6 10. b4 Re8 11. Bb2 a5 12. Be2 Bd7 13. O-O c5 14. b5 Qe7 15. a4
h6 16. Bc1 Nh7 17. Kh2 g5 18. Rh1 Bd8 19. Ng1 Rf8 20. g4 f5 21. gxf5 Nf6 22.
Bh5 Be8 23. Bg4 h5 24. Be2 Qh7 25. f3 Qh6 26. h4 Nh7 27. Nh3 Qg7 28. Bxg5 Bxg5
29. Nxg5 Kh8 30. Ne6 Qh6 31. Nxf8 Nxf8 32. Qc1 Qf6 33. Qg5 Qf7 34. Rag1 Nh7 35.
Qh6 Bd7 36. Rg5 Rg8 37. Rxg8+ Kxg8 38. Rg1+ Kh8 39. f4 exf4 40. Bxh5 Qf6 41.
Qxf4 Qe5 42. Qxe5+ dxe5 43. Bf7 Nf6 44. Rg6 Nh5 45. Rg8+ Kh7 46. Bxh5 Kxg8 47.
Kg3 Kh7 48. Kg4 Kh6 49. Bf7 b6 50. Be6 Be8 51. f6 Kg6 52. f7 Bxf7 53. Bxf7+
Kxf7 54. Kf5 Kg7 55. Kxe5 1-0

[Event "25.Schlosspark-Open"]
[Site "Wiesbaden-Biebrich"]
[Date "2013.08.24"]
[Round "4.92"]
[White "Knödler, Marcel"]
[Black "Gerlach, Manuel"]
[Result "1-0"]
[WhiteElo "929"]
[BlackElo "1260"]
[PlyCount "59"]
[EventDate "2013.??.??"]
[WhiteTeam "FC 1934 Wiesbaden-Bierstadt"]
[BlackTeam "SV Oberursel"]

1. g3 d5 2. Nf3 Nc6 3. d4 Nf6 4. Bg2 Bf5 5. a3 a5 6. Nc3 e6 7. Bg5 Be7 8. O-O
O-O 9. Re1 Re8 10. Nb5 h6 11. Bf4 Bd6 12. Nxd6 cxd6 13. b3 b6 14. c4 e5 15. Be3
e4 16. Nh4 Be6 17. f3 exf3 18. Bxf3 Bh3 19. Qd2 Bg4 20. Bxh6 gxh6 21. Qxh6 Bxf3
22. exf3 Rxe1+ 23. Rxe1 Nh7 24. cxd5 Nxd4 25. Re4 Nxf3+ 26. Nxf3 Qc8 27. h3
Qc5+ 28. Nd4 Qc3 29. Rg4+ Kh8 30. Qg7# 1-0